000
00337 a2200157 4500
001
68793
020
_a
8574882070
040
_c
Anchieta - Itaigara
240
1
0
_a
Clássicos para sonhar
_l
por
245
1
0
_a
Clássicos para sonhar
300
_a
119
362
0
_a
0
440
1
_a
Girassol
650
4
_a
Literatura infantil
942
_c
BK
999
_c
68793
_d
68793